Superpesis-joukkueet - Statistics

Yleistilastot
  • Tätä visaa on pelattu 57 kertaa
    23 viimeisimmän päivityksen jälkeen
  • Keskiarvotulos 15 / 21
Vastaustilastot
Kotipaikka Joukkue % Oikein
Alajärvi Alajärven Ankkurit M
100%
Hyvinkää Hyvinkään Tahko M N
94%
Kempele Kempeleen Kiri M
94%
Sotkamo Sotkamon Jymy M
89%
Kouvola Kouvolan Pallonlyöjät M
83%
Pori Porin Pesäkarhut N
83%
Vimpeli Vimpelin Veto M
83%
Imatra Imatran Pallo-Veikot M
78%
Lapua Lapuan Virkiä N
72%
Tampere Manse PP M N
72%
Joensuu Joensuun Maila M N
67%
Jyväskylä Kirittäret N
67%
Kitee Kiteen Pallo M
67%
Raahe Pattijoen Urheilijat M
67%
Rauma Fera N
61%
Hamina Haminan Palloilijat M
61%
Laitila Laitilan Jyske N
61%
Seinäjoki Seinäjoen Maila-Jussit N
61%
Vaasa Mailattaret N
56%
Helsinki Roihuttaret N
56%
Pöytyä Pöytyän Urheilijat N
50%
Ehtoja vastaavia visoja ei löytynyt
Tulosjakauma
Jokaisen tuloksen saaneiden osuus
Persentiili vastausten määrän mukaan
Tuloshistoriasi
Et ole pelannut tätä visaa sen viimeisimmän päivityksen jälkeen